| 000 | 00980nam a22003377a 4500 | ||
|---|---|---|---|
| 001 | BR0405317 | ||
| 003 | BR-BrBNA | ||
| 005 | 20230928101751.0 | ||
| 007 | ta | ||
| 008 | 230509b bl.||||| |||| 00| 0 por d | ||
| 040 |
_aBR-BrBNA _bpor _cBiblioteca Nacional de Agricultura |
||
| 041 | _a(Por) | ||
| 072 |
_aM12; C20 _b3410 |
||
| 090 | _ 3410 BR0405317 | ||
| 100 | 1 | _aMiranda, G.E.C. de | |
| 100 | 1 | _aBezerra, C.A.B. | |
| 100 | 1 | _aTeixeira, D.I.A. | |
| 110 | 1 |
_aFAO, Brasília, DF (Brasil) _94523 |
|
| 110 | 1 | _aOrganização das Cooperativas Brasileiras, Brasília, DF (Brasil) | |
| 245 | 1 | _aCultivo de algas marinhas; noções básicas | |
| 260 | 3 |
_aBrasília, DF (Brasil): _c[nd]. |
|
| 300 | _a30 p. | ||
| 500 | _a33 illus. | ||
| 650 | _aALGA MARINHA | ||
| 650 | _aPLANTA AQUÁTICA | ||
| 650 | _aPRÁTICA CULTURAL | ||
| 650 | _aPROJETO DE DESENVOLVIMENTO | ||
| 650 | _aDESENVOLVIMENTO SUSTENTÁVEL | ||
| 909 |
_a202309 _bLucia _c55 _dLucia Elande |
||
| 942 | _cBK | ||
| 999 |
_c67471 _d67471 |
||